James Bond actor by image - Statistics

General Stats
  • This quiz has been taken 146 times
  • The average score is 6 of 7
Answer Stats
Picture Answer % Correct
Sean Connery
98%
Daniel Craig
96%
Roger Moore
95%
Pierce Brosnan
92%
Timothy Dalton
88%
George Lazenby
78%
David Niven
64%
No matching quizzes found
Score Distribution
Percent of People with Each Score
Percentile by Number Answered
Your Score History
You have not taken this quiz